Fenotypizácia buniek na základe stanovenia bunkových antigénov

Bibliographic Details
Main Authors: Petrisková, Jela (Author), Vrlík, Mojmír (Author)
Format: Article
Language:Slovak
PhysicalDescription:Tab.
ISSN:1335-0013
Subjects:

MARC

LEADER 00000nab a2200000 a 4500
001 vtls000851938
003 SK-MaSNL
005 20260304213306.0
008 250429c2003 xo 0 slo
015 |a SNBRB2003/11-32907 
035 |a CLN000203593 
035 |a urn:nbn:sk:snk-ab71pa 
035 |a (uuid)ee03e071-97ce-447f-8b4c-b301d653ef21 
035 |a (urnnbn)urn:nbn:sk:snk:ar-a06mfn 
035 |a (sysno)vtls000851938 
040 |a SNKBUCL  |b slo  |c SNKBUCL  |e AACR2 
041 0 |a slo 
044 |a xo  |c SK 
080 |a 57.086:612.119:616.155.392-097  |2 1997 
100 1 |a Petrisková, Jela  |4 aut  |9 855903 
245 1 0 |a Fenotypizácia buniek na základe stanovenia bunkových antigénov  |c J. Petrisková, M. Vrlík 
246 1 1 |a Fenotyping of cells on the basis of cellular antigens analysis 
300 |b Tab. 
504 |a Res. angl., slov. 
504 |a Bibliogr. odkazy 
650 0 7 |a cytometria prietoková  |2 MESH  |9 892177 
650 0 7 |a antigény CD  |2 MESH  |9 1435744 
650 0 7 |a monoklonálne protilátky  |2 MESH  |9 100930 
650 0 7 |a T-lymfocyty  |2 MESH  |9 21009 
650 0 7 |a bunky NK  |2 MESH  |9 955695 
650 0 7 |a B-lymfocyty  |2 MESH  |9 21051 
655 7 |a články z novín a časopisov  |2 snkbucl  |9 267496 
700 1 |a Vrlík, Mojmír  |4 aut  |9 641434 
773 0 |t Klinická imunológia a alergológia  |g Roč. 13, č. 2 (2003), s. 17-23  |x 1335-0013 
850 |a Slovenská národná knižnica 
852 |a Slovenská národná knižnica 
954 |a odborná, vedecká literatúra pôvodná (slovenská)  |2 lita 
958 |a article2022 
958 |a NB 
958 |a MI 
958 |a OND 
958 |a EUIPO 
999 |c 3135213  |d 3137143